| 000 | 01762nam a2200385 c 4500 | ||
|---|---|---|---|
| 001 | 58218 | ||
| 003 | CO-BoRNBP | ||
| 005 | 20250820201643.0 | ||
| 007 | ta | ||
| 008 | 170322s2004 mx a br 000 f spa d | ||
| 020 | _a9789681645519 | ||
| 040 |
_aCO-BoRNBP _bspa _erda _cCO-BoRNBP |
||
| 041 | 1 |
_aspa _heng |
|
| 043 | _an-us--- | ||
| 084 | _aN | ||
| 100 |
_aSharpe, Susan _eaut _915905 |
||
| 245 | 1 | 3 |
_aLa búsqueda del espíritu / _cSusan Sharpe ; ilustraciones de Joel Rendón; traducción de Mónica Mansour. |
| 250 | _aPrimera edición, sexta reimpresión | ||
| 264 | 1 |
_aMéxico : _bFondo de Cultura Económica, _c2004 |
|
| 300 |
_a119 páginas : _bilustraciones |
||
| 336 |
_atexto _btxt _2rdacontent |
||
| 337 |
_asin mediación _bn _2rdamedia |
||
| 338 |
_avolumen _bnc _2rdacarrier |
||
| 490 |
_aA la orilla del viento. _pPara los grandes lectores _v57 |
||
| 520 | 3 | _aDurante unas vacaciones Aarón se hace amigo de un niño quileute: Roberto. Él le enseña sus costumbres y le explica cómo los antiguos indios, al llegar a la ado-lescencia, tenían que salir en busca de su espíritu guardián. Juntos deciden emprender su propia búsqueda durante su aventura se encuentran un águila atrapada en las redes de un pescador y logran salvarla cuando Aarón regresa a su casa, sabe que algo en él es distinto | |
| 521 | _aRecomendado para un público infantil mayor de 6 años | ||
| 534 | _tSpirit quest | ||
| 650 | 0 | 4 |
_aNovela juvenil Estadounidense _ysiglo xx _2LEMB _92081 |
| 650 | 0 | 7 |
_aVida cotidiana _vnovela _2LEMB |
| 650 | 0 | 4 |
_aLiteratura juvenil estadounidense _ysiglo xx _2LEMB _92082 |
| 655 |
_aNovelas _9324744 |
||
| 700 |
_aMansour, Mónica, _d1946- _etrl _962689 |
||
| 700 |
_aRendón, Joel, _d1967- _eill _962690 |
||
| 942 |
_2loc _cBKLITI |
||
| 999 |
_c58218 _d58218 |
||